• 首页
  • 本馆介绍
  • 公告通知
  • 最新文献
  • 馆藏检索
  • 电子资源
  • 读者导购
  • 参考咨询
  • 我的图书馆
  • 登录
  • 详细信息显示
  • 放入我的书架
  • 预约/预借图书
  • 作者相关作品
  • 分类相关作品
  • 丛书相关作品
  • 出版社相关作品

书目信息

  • 表格格式
  • 工作单格式
  • 卡片格式
题名:
物理学方法论
    
 
作者: 张涛光 著
分册:  
出版信息: 济南   山东科学技术出版社  1983
页数: 131页
开本: 19cm
丛书名:
单 册:
中图分类: O4-03 , O4-3
科图分类:
主题词: 物理学-方法论 , 方法论-物理学 , 物理学
电子资源:
ISBN:
000 00698nam0 2200277 45
001 0183011595
005 20040520170434.9
010    @dCNY0.70
091    @a13195.102
100    @a19950427d1983 em y0chiy0121 ea
101 0  @achi
102    @aCN@b370000
105    @ay z 000yy
106    @ar
200 10 @a物理学方法论@Awu li xue fang fa lun@f张涛光著
210    @a济南@c山东科学技术出版社@d1983
215    @a131页@d19cm
606    @a物理学-方法论
606    @a方法论-物理学
606 0  @a物理学
690    @aO4-03@v3
690    @aO4-3
701  0 @a张涛光@Azhang tao guang@4著
801  0 @aCN@b上海图书馆@c20040520
801  2 @aCN@bNLC@c20040520
905    @f1@b144512@dO4-3@e133
    
    物理学方法论/张涛光著.-济南:山东科学技术出版社,1983
    131页;19cm
    
    
    ISBN :CNY0.70
    
●
相关链接 在E读中查询图书 在五车中查询图书 在当当中查询图书 在豆瓣中查询图书


正题名:物理学方法论     索取号:O4-3/133         预约/预借

序号 登录号 条形码 馆藏地/架位号 状态 备注
1 0144512   000393764   第三借阅区/ [索取号:O4-3/133] 在馆    
2 0144513   000393773   密集书库/ [索取号:O4-3/133] 在馆    
3 0144515   000393737   密集书库/ [索取号:O4-3/133] 在馆    
4 0144516   000393700   密集书库/ [索取号:O4-3/133] 在馆    
5 0144517   000393746   第三借阅区/ [索取号:O4-3/133] 在馆    
6 0144518   000393728   密集书库/ [索取号:O4-3/133] 在馆    
7 0144519   000393755   第三借阅区/ [索取号:O4-3/133] 在馆    
8 0144520   000393719   密集书库/ [索取号:O4-3/133] 在馆    
9 0144521   202103767   第二样本阅览室/ [索取号:O4-3/133] 在馆    
唐山师范学院图书馆 欢迎您!
大连网信软件有限公司© 版权所有